Statistics for One Direction

Click here to take the quiz!

General Stats

  • This quiz has been taken 39 times
    (21 since last reset)
  • The average score is 73 of 95

Answer Stats

HintAnswer% Correct
when I'm fat and oldAct My Age
93%
I hope you remember how we dancedBest Song Ever
93%
another go round for all of my friendsClouds
93%
got to hold it in your handI Want
93%
when you walk byI Wish
93%
you'll never love yourself half as much as I love youLittle Things
93%
still a trace of innocence on the pillow caseNo Control
93%
something's gotta give nowOne Thing
93%
cause I can be the one you love from time to timePerfect
93%
running after you is like chasing the cloudsStory of My Life
93%
we only wanna have a laughUp All Night
93%
god knows we tried18
86%
my mother told me I should go and get some therapyAlive
86%
we did that when we were youngerChange Your Ticket
86%
the shell of a man who could never be his bestDrag Me Down
86%
to the way that you kiss on meEverything About You
86%
hotter than a jet stream burning upFireproof
86%
I get lost in your beautyFool's Gold
86%
her light is as loud as as many ambulancesGirl Almighty
86%
forget all we said that nightHalf A Heart
86%
sorry love but I don't really careHappily
86%
unless there's something burning bright behindInfinity
86%
one to make your heart remember meI Want to Write You a Song
86%
reality ruined my lifeI Would
86%
so tell me girl if every time weKiss You
86%
who you doin' it forLittle Black Dress
86%
and you don't know if you can stayLittle White Lies
86%
I know we only met but let's pretend it's loveLive While We're Young
86%
don't look back baby follow meMidnight Memories
86%
make a joke of it allMoments
86%
we make up and we break up all the timeNa Na Na
86%
chasing it tonightNight Changes
86%
just can't lie it was the best time of my lifeRock Me
86%
kisses like creamSteal My Girl
86%
the night is on your lipsTemporary Fix
86%
every one else in the room can see itWhat Makes You Beautiful
86%
maybe they had to take some timeYou & I
86%
break these clocks forget about timeA.M.
79%
baby let me find out your secretAnother World
79%
every step I takeC'mon C'mon
79%
he knows about you in every wayDoes He Know?
79%
I'm the foolish one that you anointedGotta Be You
79%
in the back of my headHey Angel
79%
no they don't teach you this in schoolHistory
79%
I'm missing half of meIf I Could Fly
79%
just tricks people play on the eyes of the innocentIllusion
79%
it makes your lips so kissableIrresistible
79%
went down in the flamesLong Way Down
79%
you, you've got this spell on meMagic
79%
then there's me inside a sinking boat running out of timeReady to Run
79%
and we take take take it for grantedSame Mistakes
79%
will we ever learnSpaces
79%
I had to take you and make you mineStand Up
79%
my words fall and they hit the groundStole My Heart
79%
don't look at me that waySummer Love
79%
girl that's what you do bestTaken
79%
but your words cut like knivesTell Me A Lie
79%
I keep on holding tight nowWolves
79%
to see what it feels likeBetter Than Words
71%
but we carry onChange My Mind
71%
you want what you wantEnd of the Day
71%
I'm tryna be alrightHeart Attack
71%
let go of myself and feel aliveHome
71%
is your heart breakingI Should Have Kissed You
71%
just to bring me backLove You Goodbye
71%
and not know when to quitNever Enough
71%
and you'll never show weakness for letting goOver Again
71%
and I could do this foreverRight Now
71%
I'll take you with meSave You Tonight
71%
you'll say we'll be together even when you're lostSomething Great
71%
it's between me and youThey Don't Know About Us
71%
I just wanna see you smile againThrough The Dark
71%
am I asleep am I awakeTruly, Madly, Deeply
71%
we had some good tricks up our sleevesWalking in the Wind
71%
she's not in a disguiseWhat a Feeling
71%
I'm looking out at the crowdBack For You
64%
you've been lonelyDiana
64%
made a lot of changesDon't Forget Where You Belong
64%
girl what would you doLast First Kiss
64%
had my chances should've been where he is standingLoved You First
64%
and as you close your eyes tonightMore Than This
64%
did I do something stupidNobody Compares
64%
when you told me I didn't give you enoughOlivia
64%
we make no mistakesOnce in a Lifetime
64%
and if the lights are all outOne Way Or Another (Teenage Kicks)
64%
she closes the doorShe's Not Afraid
64%
you might have moved onStill The One
64%
I used a light to guide me homeStockholm Syndrome
64%
drifting weightlessStrong
64%
just give me the keyWhy Don't We Go There
64%
I've go two tickets to Iron Maiden babyTeenage Dirtbag
57%
shadows come with the pain that you're running fromWhere Do Broken Hearts Go
57%
turn our golden faces into the sunForever Young
50%
I thought I saw a girl brought to lifeTorn
36%
spends too much and I never tell her noJust Can't Let Her Go
21%

Score Distribution

Percentile by Number Answered

Percent of People with Each Score

Your Score History

You have not taken this quiz since the last reset